01402nam a2200337 a 4500001001200000003000800012006001900020007001500039008004100054020003000095020001800125040002100143035002100164050002400185100002500209245011800234260006000352300002600412504006600438533015200504650003000656650003700686650003200723650004600755650004200801650003200843655002900875710001700904856012600921999001701047ebr10308876CaPaEBRm u cr cn|||||||||091005s2008 bcc sb 001 0 eng d z9780865716094 (paperback) z9781550923964 aCaPaEBRcCaPaEBR a(OCoLC)63704521314aHN18.3b.G74 2008eb1 aGreer, John Michael.14aThe long descenth[electronic resource] :ba user's guide to the end of the industrial age /cJohn Michael Greer. aGabriola Island, B.C. :bNew Society Publishers,c2008. axii, 259 p. ;c23 cm. aIncludes bibliographical references (p. 241-[248]) and index. aElectronic reproduction.bPalo Alto, Calif. :cebrary,d2009.nAvailable via World Wide Web.nAccess may be limited to ebrary affiliated libraries. 0aRegression (Civilization) 0aTwenty-first centuryvForecasts. 0aSocial changexForecasting. 0aTechnology and civilizationxForecasting. 0aSocial changexCitizen participation. 0aTechnologyxSocial aspects. 7aElectronic books.2local2 aebrary, Inc.40uhttp://site.ebrary.com/lib/rucke/Doc?id=10308876zAn electronic book accessible through the World Wide Web; click to view c61552d61552